Paint by Trivia: Superhero Movies Quiz Stats

 Plays Quiz Updated Jan 17, 2019

Score 0/20 Timer 06:00
1 Play Today
% Correct
Iron Man, Hulk, etc.
98.9%
Ant-Man
93.8%
Deadpool
91.9%
Penguin & Catwoman
90.8%
Maguire, Garfield, Holland
89.8%
Logan (2017)
80.3%
Michael Caine
72.4%
Aquaman
69.3%
Lex Luthor
66.5%
The Incredibles
65.8%
% Correct
Birdman
64.7%
Quicksilver
61.3%
Sue Storm, etc.
60.1%
Israel
58.9%
Star-Lord
56.4%
Sirius Black
55.2%
The Lego Movie
53%
Zack Snyder
50.7%
Hellboy
43%
Sky High
41.8%

You're not logged in!

Compare scores with friends on all Sporcle quizzes.
OR
Log In

Show Comments

Extras

Top Quizzes Today


Score Distribution

Your Account Isn't Verified!

In order to create a playlist on Sporcle, you need to verify the email address you used during registration. Go to your Sporcle Settings to finish the process.

Report this User

Report this user for behavior that violates our Community Guidelines.

Details: